000 00886nam1a22002531 4500
001 rc\418316
005 20030616170317.1
010 _a5-280-00061-2
035 _a(NLR Aleph) 005815658
090 _a5428085
_c5428085
100 _a20030616g19889999u |0rusy50 ca
101 0 _arus
102 _aRU
105 _ay |||||||||
200 1 _aСочинения
_eВ 3 т.
_fД.В. Григорович
_g[Сост., подгот. текста и коммент. А.А. Макарова
_gВступ. ст. А.И. Журавлевой, В.Н. Некрасова, с. 5-34]
210 _aМ.
_cХудож. лит.
_d1988-
215 _d20
700 1 _aГригорович
_bД. В.
_f1822-1899
_gДмитрий Васильевич
702 1 _aМакаров
_bА. А.
_4220
801 0 _aRU
_bNLR
_gpsbo
801 1 _aRU
_bELAR
_2rusmarc
852 _aNLR
_j88-3/5616
942 _cBOOK
980 _aNB